Futurise your enterprise : Business strategy in the age of the e-custmomer

Bibliographic Details
Main Author: Siegel, David
Format: Book
Published: New York : John Wiley & Sons , 1999
Subjects:

MARC

LEADER 00000cam a2200000 7i4500
001 0000007010
005 20050419.0
020 |a 0471357634 
040 |a INS 
090 0 0 |a HF5548.32.   |b S55 1999 
100 1 |a Siegel, David 
245 1 0 |a Futurise your enterprise :   |b Business strategy in the age of the e-custmomer   |c David Siegel 
260 |a New York :   |b John Wiley & Sons ,   |c 1999 
300 |a 318 p. ;   |c 24 cm. 
650 0 0 |a New business enterprise   |x Management 
650 0 0 |a Success in business 
999 |a 0000007577   |b BOOK   |c Open Shelf   |e Default branch